| 000 | 00641nam a2200217 a 4500 | ||
|---|---|---|---|
| 008 | 951211s1976||||[C 0 slo c | ||
| 040 |
_aSNK _bslo _cSNK _eAACR2 |
||
| 041 | 1 |
_aslo _hslo |
|
| 044 |
_axo _cSK |
||
| 080 | _a796.412:78(035) | ||
| 080 | _a78(035) | ||
| 100 | 1 |
_aHrčka, Jozef _4aut |
|
| 245 | 1 | 0 |
_aGymnastika pri modernej hudbe _cJozef Hrčka, Zlata Walová ; Zlata Wálová, Lívia Kolínska |
| 260 |
_aBratislava _bŠport _c1976 _ePrešov _fDuklianske tlačiarne |
||
| 300 | _bTb. Sch. | ||
| 700 | 1 |
_aWalová, Zlata _4aut |
|
| 700 | 1 |
_aWálová, Zlata _4aut |
|
| 700 | 1 |
_aKolínska, Lívia _4bkd |
|
| 020 | _c10 | ||
| 958 | _aA | ||
| 999 |
_c19312 _d19312 |
||